000 00824nam a22001937a 4500
999 _c196313
_d196313
005 20230705101252.0
010 _aB-753962-976 CHEN 25.5.23
020 _a9789390658848
_c395.00
035 _aB-753962-976
037 _bAne Books Pvt. Ltd.
082 _a000
245 _aWorld Of Knowledge /
260 _aNew Delhi
_bAne Books Pvt. Ltd.
_c202?
270 _a4821,Parwana Bhawan, 1st Floor, 24 Ansari Road, Darya Ganj,
_bNew Delhi
_e110002
300 _ap1+p2(64p.)
_bcol.ill
_c28cm(pbk)
500 _aWorld of Knowledge 1+1 (included 1 book)
942 _2ddc
_cCH
_mWOR
_h000